000 01096nam a22002777a 4500
005 20240530110503.0
008 150512s2011 ua aod g b 000 0 ara d
017 _a2010/24099
_bمصر . دار الكتب المصرية
020 _a9789774312038
040 _aEG-CaGPL
082 0 4 _221
_a155.916\
_bس س
100 0 _aسليمان عبدالواحد يوسف ابراهيم
245 1 0 _aسيكولوجية الفئات الخاصة :
_bرؤية فى اطار علم النفس الايجابى /
_cتاليف سليمان عبدالواحد يوسف ابراهيم
250 _aط1
260 _aالقاهرة :
_bمؤسسة طيبة للنشر و التوزيع ،
_c2011 .
300 _a397 ص :
_bايض ؛
_c24 سم .
504 _aيشتمل على ارجاعات ببليوجرافية
650 0 4 _aالمعوقون
_xعلم نفس
650 0 4 _aالصم
650 0 4 _aالمكفوفون
650 0 4 _aالتاخر الدراسى
650 0 4 _aصعوبات التعلم
650 0 4 _aالتوحد
942 _2ddc
_cBK
999 _c61515
_d61515